Расколотая битвой синева небес. [Кн. 1: Поступление в ученики (Запись № 13468955)

Подробности
000 -МАРКЕР
контрольное поле 01317nam2a2200265 4500
001 - ИДЕНТИФИКАТОР ЗАПИСИ
контрольное поле RU\NLR\BIBL_A\022670606
005 - ИДЕНТИФИКАТОР ВЕРСИИ
контрольное поле 20260113120159.0
010 ## - МЕЖДУНАРОДНЫЙ СТАНДАРТНЫЙ НОМЕР КНИГИ (ISBN)
Номер (ISBN) 978-5-389-29810-1
Тираж 4000
021 ## - НОМЕР ГОСУДАРСТВЕННОЙ РЕГИСТРАЦИИ
Код страны Российская Федерация
Номер АЛ-П-25-01069и
Номер Листа государственной регистраци АЛ-П-25-0208
035 ## - ДРУГИЕ СИСТЕМНЫЕ НОМЕРА
Идентификатор записи (NLR Aleph) 022670606
100 ## - ДАННЫЕ ОБЩЕЙ ОБРАБОТКИ
Данные общей обработки 20251120d2025 u y0rusy50 ca
101 1# - ЯЗЫК РЕСУРСА
Язык текста, звукозаписи и т.д. русский
Язык оригинала китайский
102 ## - СТРАНА ПУБЛИКАЦИИ ИЛИ ПРОИЗВОДСТВА
Страна публикации Российская Федерация
105 ## - ПОЛЕ КОДИРОВАННЫХ ДАННЫХ: ТЕКСТОВЫЕ МАТЕРИАЛЫ, МОНОГРАФИЧЕСКИЕ
Кодированные данные о монографическом текстовом документе a t 000ay
200 1# - ЗАГЛАВИЕ И СВЕДЕНИЯ ОБ ОТВЕТСТВЕННОСТИ
Основное заглавие Поступление в ученики
Обозначение и номер части Т. 1-3]
210 ## - ПУБЛИКАЦИЯ, РАСПРОСТРАНЕНИЕ И ДР.
Дата издания, распространения и т.д. 2025
215 ## - ФИЗИЧЕСКАЯ ХАРАКТЕРИСТИКА
Специфическое обозначение материала и объем [2], 422, [1] с.
Другие сведения о физической характеристике цв. ил.
461 #0 - УРОВЕНЬ НАБОРА
Встроенное поле 001RU\NLR\BIBL_A\022670598
-- 2001#$aРасколотая битвой синева небес$e[маньхуа]$fТяньцань Тудоу$gперевод с китайского Татьяны Карповой]$fхудожник Жэнь Сян & Joe$v[Кн. 1
-- 700#0$aТяньцань Тудоу$f1989-$3RU\NLR\AUTH\770287804
Системный номер (АБИС) связанной записи 13514579
Автор Тяньцань Тудоу (1989-)
Место публикации Санкт-Петербург
Дата публикации 2025-
Первые сведения об ответственности Тяньцань Тудоу
Имя издателя, распространителя и т.д. Азбука
Сведения, относящиеся к заглавию [маньхуа]
Заглавие Расколотая битвой синева небес
Номер тома [Кн. 1
942 ## - ДОПОЛНИТЕЛЬНЫЕ ЭЛЕМЕНТЫ ЗАПИСИ (АБИС)
Тип экземпляра АБИС Книга
980 ## - КОЛЛЕКЦИЯ
Название коллекции Национальная библиография

Нет доступных экземпляров.